[Event "BCF-chT3N 1718 (4NCL)"]
[Site "England"]
[Date "2018.05.07"]
[Round "11.46"]
[White "Adam, David W"]
[Black "Gardiner, Eric D"]
[Result "1/2-1/2"]
[WhiteElo "1814"]
[BlackElo "1975"]
[PlyCount "96"]
[EventDate "2017.11.11"]
[EventType "team-swiss"]
[EventRounds "11"]
[EventCountry "ENG"]
[SourceTitle "EXT 2020"]
[Source "ChessBase"]
[SourceDate "2019.10.17"]
[SourceVersion "1"]
[SourceVersionDate "2019.10.17"]
[SourceQuality "1"]
[WhiteTeam "Bradford DCA Knights II"]
[BlackTeam "Bradford DCA Knights"]
[WhiteTeamCountry "ENG"]
[BlackTeamCountry "ENG"]

1. c4 e5 2. d3 Nc6 3. g3 d6 4. Bg2 g6 5. Nc3 Bg7 6. e4 Be6 7. Nge2 Qd7 8. Nd5 Nce7 9. Nec3 c6 10. Ne3 f5 11. exf5 gxf5 12. Qh5+ Ng6 13. Bd2 N8e7 14. 0-0-0 0-0-0 15. Rhe1 f4 16. gxf4 Nxf4 17. Qh4 Nxd3+ 18. Kb1 Nxe1 19. Bxe1 Nf5 20. Nxf5 Bxf5+ 21. Ka1 Kb8 22. Ne4 Qe6 23. Ng3 Bf6 24. Qh6 Bc2 25. Rc1 Bg6 26. Qe3 Rhf8 27. Qb3 Rc8 28. Bd2 e4 29. Be3 c5 30. Ne2 Rc6 31. Nf4 Qe5 32. Nd5 Bg5 33. Re1 Bxe3 34. Qxe3 Qd4 35. Ne7 Rb6 36. Qxd4 cxd4 37. Bxe4 Re8 38. Bxg6 hxg6 39. Nc6+ Rxc6 40. Rxe8+ Kc7 41. b3 Rc5 42. Re4 Rf5 43. Rxd4 Rxf2 44. Rg4 Rxh2 45. Rxg6 Kc6 46. Rg5 b6 47. Rd5 a6 48. Rd1 Rg2 1/2-1/2

[Event "BCF-chT3N 1617 (4NCL)"]
[Site "England"]
[Date "2017.04.30"]
[Round "10.65"]
[White "Adam, David W"]
[Black "Johnson, Paul A"]
[Result "0-1"]
[WhiteElo "1757"]
[BlackElo "1868"]
[PlyCount "76"]
[EventDate "2016.11.26"]
[EventType "team-swiss"]
[EventRounds "11"]
[EventCountry "ENG"]
[SourceTitle "EXT 2019"]
[Source "ChessBase"]
[SourceDate "2018.10.10"]
[SourceVersion "1"]
[SourceVersionDate "2018.10.10"]
[SourceQuality "1"]
[WhiteTeam "Bradford DCA Knights III"]
[BlackTeam "Bradford DCA Knights II"]
[WhiteTeamCountry "ENG"]
[BlackTeamCountry "ENG"]

1. c4 e5 2. d3 Nf6 3. g3 Nc6 4. Bg2 Bb4+ 5. Bd2 Bxd2+ 6. Qxd2 0-0 7. e4 d6 8. Ne2 Bd7 9. Nbc3 Qc8 10. 0-0 Bh3 11. f3 Bxg2 12. Kxg2 Ne8 13. Nd5 f5 14. b4 Nf6 15. Nec3 Nxd5 16. Nxd5 Qd7 17. b5 Nd4 18. exf5 Rxf5 19. Ne3 Rf7 20. Nc2 Nxc2 21. Qxc2 Raf8 22. Rf2 g5 23. Raf1 Rf6 24. Qd2 h6 25. a4 c6 26. d4 Qc7 27. dxe5 dxe5 28. Qc3 cxb5 29. axb5 Qc5 30. Re2 g4 31. Rxe5 gxf3+ 32. Rxf3 Rxf3 33. Qxf3 Qxe5 34. Qxb7 Qe2+ 35. Kh3 Qh5+ 36. Kg2 Rd8 37. Qe4 Rd2+ 38. Kf1 Qd1+ 0-1